000 00816nmm a2200265 a 4500
001 ocm0002348253
003 TR-IsHL
005 20201028185820.0
008 190523s2009 tu tur
007 cr cn
020 _a9789944013635
035 _a2348253
_b(N$T)
050 0 4 _aPL248.Y854
_bT8 2009
090 0 4 _aPL248.Y854
_bT8 2009
100 1 _aYüksel, Ahmet
245 1 0 _aTutku, irade ve güzel
_h[electronic resource] /
_cAhmet Yüksel
260 _aİstanbul :
_bBuhara Yayınları,
_c2009
300 _a208 p.
650 4 _aDil ve Edebiyat
650 4 _aLanguage and Literature
650 0 _aTürk şiiri
650 0 _aTurkish poetry
650 7 _aPOETRY / Middle Eastern
_2bisacsh
856 4 0 _uhttp://search.ebscohost.com/login.aspx?direct=true&scope=site&db=e011xww&AN=2348253
999 _c21635
_d21635